Loading...
| Literature - British | 0 | 8 | 0 | 1 | 80 | 71 | 104.50 | 1 | 2 | 0.00 | 0.00 |
| Literature - World/Other | 0 | 7 | 0 | 1 | 70 | 61 | 104.57 | 1 | 5 | 0.00 | 0.00 |
| Literature - American | 0 | 5 | 0 | 0 | 50 | 73 | 82.40 | 2 | 4 | 0.00 | 0.00 |
| Fine Arts - Visual | 0 | 4 | 0 | 2 | 40 | 100 | 115.75 | 0 | 1 | 0.00 | 0.00 |
| Literature - European | 0 | 3 | 0 | 1 | 30 | 80 | 111.00 | 0 | 1 | 0.00 | 0.00 |
| Philosophy | 0 | 2 | 0 | 1 | 20 | 93 | 98.00 | 1 | 2 | 0.00 | 0.00 |
| Religion | 0 | 1 | 0 | 0 | 10 | 110 | 110.00 | 0 | 0 | 0.00 | 0.00 |
| Fine Arts - Classical Music | 0 | 1 | 1 | 0 | 5 | 73 | 73.00 | 0 | 1 | 0.00 | 0.00 |
| Geography/Current Events | 0 | 1 | 1 | 1 | 5 | 91 | 91.00 | 0 | 0 | 0.00 | 0.00 |
| Other Academic | 0 | 0 | 1 | 0 | -5 | 0.00 | 0 | 0 | 0.00 | 0.00 | |
| Science - Other | 0 | 0 | 1 | 0 | -5 | 0.00 | 0 | 0 | 0.00 | 0.00 | |
| Fine Arts - Other | 0 | 1 | 5 | 1 | -15 | 151 | 151.00 | 0 | 0 | 0.00 | 0.00 |